Antropologia teológica / M. Flick, Z. Alszeghy ; tradujo, Alfonso Ortiz

Guardado en:
Detalles Bibliográficos
Autor principal: Flick Maurizio (autor)
Autor corporativo: Ortiz, Alfonso, tr
Otros autores: I. Alszeghy, Z. (autor) (autor)
Formato: Procedimiento de la conferencia Libro
Edición:9a edición
Colección:Lux Mundi ; 21
Temas:
Etiquetas: Agrega una etiqueta
Sin etiquetas, Sé el primero en etiquetar este registro!

MARC

LEADER 00000nam^a2200000^u^4500
001 000539952
005 20250521000000.0
008 060220s1000^^^^^^^^^^^^r^^^^^000^0^spa^d
009 20260310131153.822
022 |a 8430103279 
035 |a FMI 000007723 
037 |a Acervo Xavier Clavigero 
096 |a 5.6/2/C 
100 |a Flick Maurizio  |e (autor) 
245 1 0 |a Antropologia teológica / M. Flick, Z. Alszeghy ; tradujo, Alfonso Ortiz 
250 |a 9a edición 
264 |a Salamanca [España] : Sígueme, 2006 
300 |a 621 p. 
336 |a texto  |b txt  |2 rdacontenido 
337 |a sin mediación  |b n  |2 rdamedio 
338 |a volumen  |b nc  |2 rdasoporte 
440 0 |a Lux Mundi ; 21 
597 |a Título original: Fondamenti di una antropologia teologica 
649 |a XX 
650 |a Antropología Teológica 
711 |a Ortiz, Alfonso, tr. 
700 |a I. Alszeghy, Z.  |e (autor) 
910 |a Fondo Francisco Migoya Covarrubias S.J. 
920 |a Impresos - Libros 
930 |a Fondos Especiales 
905 |a 134 
901 |a SBC02424  |b IT2  |c ESP  |u 20250521 
902 |a https://opac.biblio.iteso.mx/vufind/Record/000539952